000 00612nam a2200229Ia 4500
003 OSt
005 20220926035025.0
006 a|||||r|||| 00| 0
007 ta
008 220923b |||||||| |||| 00| 0 eng d
037 _cGeneral Book
040 _aRTL
_cRTL
_beng
041 _2eng
_aeng
082 _aX:93.1.N5, J6
110 _aInternational Labour Office
245 0 _aInternational comparisons of real wages
_b A study
260 _c1956
650 _aWages
_9229845
700 _aInternational Labour Office
942 _hX:93.1.N5, J6
_cGB
_2CC
999 _c661150
_d661150